| 000 | 00365nam a2200133Ia 4500 | ||
|---|---|---|---|
| 008 | 210430s9999 xx 000 0 und d | ||
| 020 | _a978-8130706122 | ||
| 082 | _a352.230973L337 A | ||
| 100 | _aHarold J.Laski | ||
| 245 | 4 |
_aThe American Presidency an Interpretation / _cHarold J.Laski |
|
| 260 |
_aNew delhi _bCosmo _c2007 |
||
| 300 | _a277p | ||
| 942 |
_cBK _2ddc |
||
| 999 |
_c562650 _d562650 |
||